000 00208 a2200085 4500
999 _c216370
_d216370
020 _a9781597180252
245 _aStata Reference Manual
250 _aVolume 2
260 _bA Stata Press Publication : Texas
_c2007